000 01889nam a2200229 4500
003 NALT
005 20250918141406.0
008 250902b th ||||| |||| 00| 0 tha d
040 _aNALT
090 _aอศ
_bย355อ 2562
245 0 0 _aอนุสรณ์งานพระราชทานเพลิงศพ พลตรี ยุทธนา รูปขจร ป.ช.,ป.ม.,ภ.ป.ร.4 :
_bณ ฌาปนสถานกองทัพอากาศ วัดพระศรีมหาธาตุวรมหาวิหาร แขวงอนุสาวรีย์ เขตบางเขน กรุงเทพมหานคร วันเสาร์ที่ 12 มกราคม 2562.
260 _aกรุงเทพฯ :
_bสตาร์บูมอินเตอร์พริ้น,
_c2562.
300 _a48 หน้า :
_bภาพประกอบ ;
_c20 ซม.
520 _aชีวประวัติของ พลตรี ยุทธนา รูปขจร ป.ช.,ป.ม.,ภ.ป.ร.4 จัดพิมพ์ขึ้นเพื่อเป็นอนุสรณ์งานพระราชทานเพลิงศพ ณ ฌาปนสถานกองทัพอากาศ วัดพระศรีมหาธาตุวรมหาวิหาร แขวงอนุสาวรีย์ เขตบางเขน กรุงเทพมหานคร วันเสาร์ที่ 12 มกราคม 2562.
600 0 4 _aยุทธนา รูปขจร
_xชีวประวัติ
_966548
942 _2local
_cCRE
996 _ajidapa.t
_bACQSTF
_c2025-09-02
996 _avaree.k
_bLIBSTF
_c2025-09-03
996 _ajamriang.p
_bCATSTF
_c2025-09-04
999 _c107168
_d107168
998 _j8
_k นายบัณฑิต อุทาวงค์